Pre začínajúcich: Zásoby ako krátkodobý hmotný majetok

Vymedzenie pojmu zásob a členenie zásob. Oceňovanie zásob. Účtovanie zásob. Obstaranie zásob. Inventarizácia. Evidencia zásob. Charakteristika niektorých špecifických prípadov účtovania zásob.

Salvato in:
Dettagli Bibliografici
Autore principale: Kučerová, Vlasta
Natura: Capitolo di libro
Lingua:slovacco
Soggetti:
Tags: Aggiungi Tag
Nessun Tag, puoi essere il primo ad aggiungerne!!

MARC

LEADER 00000naa a2200000 4500
001 r041339
005 20231003084241.4
041 0 |a slo 
044 |a SK 
245 1 0 |a Pre začínajúcich: Zásoby ako krátkodobý hmotný majetok  |c Vlasta Kučerová 
520 |a Vymedzenie pojmu zásob a členenie zásob. Oceňovanie zásob. Účtovanie zásob. Obstaranie zásob. Inventarizácia. Evidencia zásob. Charakteristika niektorých špecifických prípadov účtovania zásob. 
610 2 0 |a účtovníctvo 
610 2 0 |a podnikatelia 
610 2 0 |a zásoby 
610 2 0 |a zásoby materiálu 
610 2 0 |a triedy účtové 
610 2 0 |a oceňovanie 
610 2 0 |a postupy účtovné 
610 2 0 |a obstarávanie 
610 2 0 |a účtovanie 
610 2 0 |a materiál 
610 2 0 |a prípady účtovné 
100 1 |a Kučerová, Vlasta